| 000 | 00553nam a2200181Ia 4500 | ||
|---|---|---|---|
| 999 |
_c32422 _d32422 |
||
| 003 | OSt | ||
| 005 | 20200724131227.0 | ||
| 008 | 190216s9999||||xx |||||||||||||| ||und|| | ||
| 020 | _a9789814299268 | ||
| 040 | _coclc | ||
| 082 |
_a515.84 _bMOS/F |
||
| 100 |
_aMoskowitz, Martin _93737 |
||
| 245 | 0 |
_aFunctions Of Several Real Variables / _cMartin Moskowitz ; Fotios Paliogiannis |
|
| 260 |
_bWorld Scientific, _c2011. _aNew Jersey: |
||
| 300 | _a716p | ||
| 650 | _aMathematics | ||
| 942 |
_cBK _2ddc _h515.84 _iMOS/F _k515.84 _mMOS/F |
||